| Tag |
First Indicator |
Second Indicator |
Subfields |
| LEADER |
00000cam a2200000 i 4500 |
| 001 |
in00004339035 |
| 005 |
20211120105552.0 |
| 006 |
m o d f |
| 007 |
cr bn||||||||| |
| 008 |
100411s2000 dcua ob f001 0 eng c |
| 019 |
|
|
|a 52646733
|a 609310854
|a 1091739378
|
| 035 |
|
|
|a (OCoLC)ocn606618253
|
| 037 |
|
|
|a NCJ 183474
|b National Institute of Justice
|
| 040 |
|
|
|a OCLCE
|b eng
|e rda
|e pn
|c OCLCE
|d YQU
|d ZBL
|d CWCLL
|d UCO
|d LVT
|d UX1
|d YOR
|d GPO
|d MvI
|
| 042 |
|
|
|a pcc
|a dlr
|
| 043 |
|
|
|a n-us---
|
| 049 |
|
|
|a WWW
|
| 074 |
|
|
|a 0718-A-07 (online)
|
| 086 |
0 |
|
|a J 28.23:OF 2
|
| 100 |
1 |
|
|a Finn, Peter,
|d 1940-
|e author.
|
| 245 |
1 |
0 |
|a Addressing correctional officer stress :
|b programs and strategies /
|c by Peter Finn.
|
| 246 |
3 |
0 |
|a Correctional officer stress
|
| 264 |
|
1 |
|a Washington, DC :
|b U.S. Department of Justice, Office of Justice Programs, National Institute of Justice,
|c 2000.
|
| 300 |
|
|
|a 1 online resource (x, 129 pages) :
|b illustrations.
|
| 336 |
|
|
|a text
|b txt
|2 rdacontent
|
| 337 |
|
|
|a computer
|b c
|2 rdamedia
|
| 338 |
|
|
|a online resource
|b cr
|2 rdacarrier
|
| 490 |
1 |
|
|a Issues and practices in criminal justice
|
| 500 |
|
|
|a "December 2000"--Title page.
|
| 500 |
|
|
|a "In cooperation with the Corrections Program Office."
|
| 500 |
|
|
|a "Prepared ... by Abt Associates Inc."--Page [ii]
|
| 504 |
|
|
|a Includes bibliographical references and index.
|
| 536 |
|
|
|a Prepared for the National Institute of Justice, U.S. Department of Justice
|b #OJP-94-C-007
|
| 588 |
|
|
|a Description based on online resource, PDF version; title from cover (publisher's website (NCJRS website, viewed April 19, 2017)).
|
| 650 |
|
0 |
|a Correctional personnel
|x Job stress
|z United States.
|
| 650 |
|
0 |
|a Stress (Psychology)
|z United States.
|
| 650 |
|
0 |
|a Stress management
|z United States.
|
| 650 |
|
7 |
|a Correctional personnel
|x Job stress.
|2 fast
|0 (OCoLC)fst00880237
|
| 650 |
|
7 |
|a Stress management.
|2 fast
|0 (OCoLC)fst01134967
|
| 650 |
|
7 |
|a Stress (Psychology)
|2 fast
|0 (OCoLC)fst01134918
|
| 651 |
|
7 |
|a United States.
|2 fast
|0 (OCoLC)fst01204155
|
| 710 |
2 |
|
|a National Institute of Justice (U.S.),
|e issuing body.
|
| 710 |
2 |
|
|a Abt Associates.
|
| 710 |
1 |
|
|a United States.
|b Corrections Program Office.
|
| 776 |
0 |
8 |
|i Print version:
|a Finn, Peter, 1940-
|t Addressing correctional officer stress.
|d Washington, DC : U.S. Dept. of Justice, Office of Justice Programs, National Institute of Justice, [2000]
|w (DLC) 2001315767
|w (OCoLC)46416606
|
| 830 |
|
0 |
|a Issues and practices in criminal justice.
|
| 856 |
4 |
0 |
|u https://purl.fdlp.gov/GPO/gpo141249
|t 0
|
| 999 |
f |
f |
|s c4e95961-b1fd-35c3-8dfc-a9d8a1ffdbf7
|i af1480b0-6cf6-3e5d-8e15-449ff89f5b37
|t 0
|
| 952 |
f |
f |
|a Texas A&M University
|b College Station
|c Electronic Resources
|d Available Online
|t 0
|e J 28.23:OF 2
|h Superintendent of Documents classification
|
| 998 |
f |
f |
|a J 28.23:OF 2
|t 0
|l Available Online
|